000 00945nam a22002537a 4500
005 19970904051429.3
008 970904m19271929ii a 001 0aeng
010 _aENG-95680
020 _a9788184950076
_c195.00
035 _aEN-79213
037 _bDBAD/PUB
040 _aDPL
_bEng
082 _a280
100 _aHanh,Thich Nhat
_917449
245 _aThe raft is not the shore :
_cby Thich Nhat Hanh [and] Daniel Berrigan
_btowards a world where spirituality and politics meet /
260 _aMumbai
_bJaico Publishing House
_c2009
270 _aA-2, Jash chamber, 7-A Sir phirozshah Mehta Road,Fort
_bMumbai
_e400001
300 _axiii,153p.:
_c22cm (pbk)
_bill.
600 _aGandhi,
_917450
700 _aBerrigan, Daniel
_917451
942 _2ddc
_cEN
_mHAN
_h280
999 _c33357
_d33357